00476nam a2200145Ia 4500008004100000041000800041082002100049100001900070245002900089260003200118300003000150365000900180999001500189952012600204240624s9999 xx 000 0 und d aeng a338.90091724 STE aSTREN NICHOLAS aSTRATEGY FOR DEVELOPMENT c2002aNew DelhibWorld Bank avi, : 194 : p. : cm. ; 25 cb30 c5137d5137 00104070aIMTNbIMTNcRack 13-Ad2007-05-07eAPg12.00o338.90091724 STEp5137r2024-06-24 00:00:00t47w2024-06-24yBK